000 00297nam a22001217a 4500
008 180226b xxu||||| |||| 00| 0 eng d
041 _aeng
080 _a316
100 _a49
101 _aSOC
245 _aSOCIAL SYSTEMS AND THE EVOLUTION OF ACTION THEORY
_cTALCOT.P
942 _2udc
_cBK
999 _c43481
_d43481